JR別 文字数の多い駅名TOP5 - Statistics

General Stats
  • This quiz has been taken 238 times
  • The average score is 13 of 48
Answer Stats
% Correct
14 北海道医療大学
75%
9 新函館北斗
66%
9 新千歳空港
57%
12 あいの里教育大
54%
9 あいの里公園
48%
11 サッポロビール庭園
46%
8 尾張一宮
45%
8 三河安城
45%
11 黒部宇奈月温泉
39%
17 上越国際スキー場前
38%
11 あしかがフラワーパーク
38%
9 奥津軽いまべつ
35%
12 JR河内永和
34%
12 鹿島サッカースタジアム
32%
13 岩原スキー場前
31%
8 東田子の浦
31%
11 大阪城北詰
31%
9 旭川四条
30%
11 大阪城公園
30%
9 天塩川温泉
29%
13 JR俊徳道
29%
11 九大学研都市
28%
11 梅小路京都西
27%
12 栗林公園北口
27%
11 葛西臨海公園
26%
9 中部天竜
26%
12 九州工大前
26%
11 小波瀬西工大前
21%
9 発寒中央
20%
8 長泉なめり
20%
8 三河一宮
19%
11 城北公園通
18%
8 天竜峡
17%
11 東北福祉大前
16%
8 市川大門
16%
11 鍼灸大学前
16%
11 JR藤森
16%
8 南四日市
15%
8 南小松島
15%
11 高知商業前
14%
9 小村神社前
13%
11 崇城大学前
12%
11 大村車両基地
11%
9 古高松南
10%
11 白神岳登山口
9%
8 市川本町
9%
11 中山平温泉
8%
8 円行寺口
6%
No matching quizzes found
Score Distribution
Percent of People with Each Score
Percentile by Number Answered
Your Score History
You have not taken this quiz